MARC

LEADER 00000nam0a2200000 4500
001 365591
005 20231102011811.0
035 |a (RuTPU)RU\TPU\retro\22954 
035 |a RU\TPU\book\45295 
090 |a 365591 
100 |a 20220114d1981 m y0rusy50 ca 
101 1 |a eng  |c rus 
102 |a RU 
105 |a a j 001zy 
200 1 |a Ядерная физика и ядерные реакторы  |d Nuclear Physics and Nuclear Reactors  |e [учебник]  |f В. Е. Левин 
210 |a Москва  |c Мир  |d 1981 
215 |a 376 с.  |c ил. 
300 |a На английском языке 
320 |a Алф.-предм. указ.: с. 372-376 
454 1 |0 (RuTPU)RU\TPU\book\45295  |t Ядерная физика и ядерные реакторы  |o учебник  |f В. Е. Левин  |e 4-е изд., перераб. и доп.  |c Москва  |n Атомиздат  |d 1979  |p 288 с.  |a Левин, Василий Евсеевич 
510 1 |a Nuclear Physics and Nuclear Reactors  |z eng 
606 1 |a Ядерная физика  |2 stltpush  |3 (RuTPU)RU\TPU\subj\21560  |9 46524 
606 1 |a Ядерные реакторы  |2 stltpush  |3 (RuTPU)RU\TPU\subj\21616  |9 46573 
610 1 |a атомная физика 
610 1 |a атомное ядро 
610 1 |a радиоактивность 
610 1 |a ионизирующие излучения 
610 1 |a заряженные частицы 
610 1 |a ускорители 
610 1 |a ядерные реакции 
610 1 |a нейтроны 
610 1 |a космическое излучение 
610 1 |a атомная энергетика 
610 1 |a учебники 
675 |a 539.14(075.32)  |v 3 
675 |a 621.039.5(075.32)  |v 3 
700 1 |a Левин  |b В. Е.  |g Василий Евсеевич 
801 1 |a RU  |b 63413507  |c 20021018  |g PSBO 
801 2 |a RU  |b 63413507  |c 20220114  |g PSBO 
942 |c BK